| 000 | 01277cab a2200265 4500 | ||
|---|---|---|---|
| 001 | ABS59363 | ||
| 008 | 090401t1998 xxu||||| |||| 00| 0 eng d | ||
| 035 | _a(Sirsi) u88412 | ||
| 041 | _aeng | ||
| 245 | _aWilliams v Gregory (VO) | ||
| 260 | _c1998 | ||
| 350 | _a0 | ||
| 490 |
_aRating & Valuation Reporter _v[1998] RVR 139-142(4) |
||
| 520 | _aLT 20 May 1998. W appealed to reduce the 1990 RV assessment for a composite hereditament comprising ground floor shop with rising accommodation over. The appeal was settled by agreement in July 1991 at RV £3,450 but the description of the property was inadvertently entered into the list as `shop and premises`. W appealed. The valuation tribunal determined the entry as `shop and premises (part)` RV £3,240 effective from 1 April 1990. W appealed, seeking a reduction in RV to £1,725, on the basis that the limited access to the wc restricted lettability, and justified a larger discount than proposed by the VO. Appeal dismissed. | ||
| 650 | _aDESCRIPTION | ||
| 650 | _aDISCOUNT | ||
| 650 | _aHEREDITAMENTS | ||
| 650 | _aRATEABLE VALUE | ||
| 650 | _aSINGLE OCCUPATION | ||
| 650 | _aVALUATION LIST | ||
| 650 | _aWC FACILITIES | ||
| 690 | _aRATING AND VALUATION-CASE LAW | ||
| 942 | _n0 | ||
| 948 | _c11/09/1998 | ||
| 999 |
_c55846 _d55846 |
||